[Event "Bad Woerishofen op 31st"]
[Site "Bad Woerishofen"]
[Date "2015.02.27"]
[Round "1"]
[White "Stein, Marco"]
[Black "Forster, Rudolf"]
[Result "1-0"]
[WhiteElo "2102"]
[BlackElo "1837"]
[PlyCount "39"]
[EventDate "2015.02.27"]
[EventType "swiss"]
[EventRounds "9"]
[EventCountry "GER"]
[SourceTitle "CBM 165 Extra"]
[Source "ChessBase"]
[SourceDate "2015.04.21"]
[SourceVersion "1"]
[SourceVersionDate "2015.04.21"]
[SourceQuality "1"]

1. d4 e6 2. c4 Nf6 3. g3 d5 4. Nf3 Be7 5. Bg2 0-0 6. 0-0 Ne4 7. Qc2 Nd7 8. Nbd2 Ndf6 9. Ne5 a5 10. Nxe4 dxe4 11. Rd1 Ra6 12. c5 h6 13. g4 b5 14. g5 hxg5 15. Bxg5 Bb7 16. c6 Ba8 17. Bxf6 gxf6 18. Qxe4 fxe5 19. dxe5 f5 20. exf6 1-0

[Event "Augsburg op"]
[Site "Augsburg"]
[Date "2013.12.27"]
[Round "1"]
[White "Hahn, Christoph"]
[Black "Forster, Rudolf"]
[Result "1-0"]
[WhiteElo "2187"]
[BlackElo "1790"]
[PlyCount "113"]
[EventDate "2013.12.27"]
[EventType "swiss"]
[EventRounds "7"]
[EventCountry "GER"]
[SourceTitle "CBM 158 Extra"]
[Source "ChessBase"]
[SourceDate "2014.02.28"]
[SourceVersion "1"]
[SourceVersionDate "2014.02.28"]
[SourceQuality "1"]

1. b3 Nf6 2. Bb2 e6 3. e3 b6 4. c4 Bb7 5. Nf3 Be7 6. Be2 c5 7. 0-0 0-0 8. d4 d5 9. Nbd2 Nbd7 10. dxc5 Nxc5 11. Nd4 Nce4 12. cxd5 Bxd5 13. Nxe4 Bxe4 14. Bf3 Rc8 15. Bxe4 Nxe4 16. Qg4 Nf6 17. Qe2 Bc5 18. Rfd1 Qe7 19. Rac1 Rfd8 20. Qf3 Nd5 21. h3 Qg5 22. Rc4 Bxd4 23. Rcxd4 f5 24. e4 fxe4 25. Qxe4 Qg6 26. Qe5 Qf6 27. Qg3 Qf7 28. R1d3 Rf8 29. Rf3 Qg6 30. Rxf8+ Rxf8 31. Qxg6 hxg6 32. Ra4 Rf7 33. Be5 Rd7 34. Kf1 Kf7 35. Ke1 a5 36. Rc4 Nb4 37. Bc7 Nd5 38. Bg3 Kf6 39. a3 g5 40. Ke2 g6 41. Kf3 Kf5 42. Bb8 Rd8 43. Bh2 Kf6 44. Rc6 Rd7 45. Ke4 Kf7 46. Be5 Rb7 47. Bd4 b5 48. Ra6 Nf4 49. g3 Nxh3 50. Rxa5 g4 51. Ra7 Rxa7 52. Bxa7 Ng5+ 53. Kf4 Nh7 54. a4 bxa4 55. bxa4 Ke7 56. Bd4 Nf8 57. Bc5+ 1-0

[Event "Augsburg Afro op"]
[Site "Augsburg"]
[Date "2003.08.07"]
[Round "1"]
[White "Meszaros, Ignac"]
[Black "Forster, Rudolf"]
[Result "1-0"]
[WhiteElo "2142"]
[BlackElo "1686"]
[PlyCount "117"]
[EventDate "2003.08.06"]
[EventType "swiss"]
[EventRounds "7"]
[EventCountry "GER"]
[SourceTitle "EXT 2006"]
[Source "ChessBase"]
[SourceDate "2005.11.24"]
[SourceVersion "1"]
[SourceVersionDate "2005.11.24"]
[SourceQuality "1"]

1. e4 c5 2. Nf3 d6 3. d4 cxd4 4. Nxd4 Nf6 5. Nc3 a6 6. Be2 e6 7. Be3 Be7 8. 0-0 b5 9. Bf3 e5 10. Nf5 0-0 11. Nd5 Nc6 12. Ndxe7+ Nxe7 13. Nxd6 Qc7 14. Nxc8 Raxc8 15. c3 Rcd8 16. Qe2 Nc6 17. Rfd1 Na5 18. Rxd8 Rxd8 19. Rd1 Nc4 20. Rxd8+ Qxd8 21. Bg5 Qd6 22. a4 Ne8 23. axb5 axb5 24. b3 Na3 25. h3 Nc7 26. Bc1 b4 27. cxb4 Qxb4 28. Qd2 Qxd2 29. Bxd2 Nab5 30. Be2 Kf8 31. Bc4 g6 32. f4 exf4 33. Bxf4 Ke7 34. g3 f6 35. Kf2 g5 36. Bd2 Kd6 37. Bb4+ Ke5 38. Ke3 f5 39. exf5 Kxf5 40. Bd3+ Ke5 41. Bxb5 Nxb5 42. Kd3 Kd5 43. Bd2 h6 44. b4 Nd6 45. g4 Ne4 46. Be3 Nd6 47. Bd4 Ne4 48. b5 Nd6 49. b6 Kc6 50. Be5 Nf7 51. Bc7 Nh8 52. Ke4 Ng6 53. Kf5 Nh4+ 54. Kf6 Nf3 55. Kg6 Ng1 56. Bd8 Nxh3 57. Kxh6 Kb7 58. Bxg5 Kxb6 59. Be3+ 1-0